Manual de buenas prácticas ambientales en restaurantes /

Bibliographic Details
Main Author: Encalada Avila, Damián (Author)
Format: Electronic eBook
Language:Spanish
Published: Cuenca, Ecuador : Universidad del Azuay, Casa Editora, [2024]
Series:Natura (Universidad del Azuay, Casa Editora)
Subjects:
Online Access:Digitalia Hispánica

MARC

LEADER 00000nam a2200000Ii 4500
001 DIGUAZUAY0240
003 NyNyDIG
006 m o d
007 cr |||||||||||
008 251104s2024 ec ob 000 0 spa d
035 |a (OCoLC)1500709145 
040 |a DGITA  |b eng  |e rda  |e pn  |c DGITA 
020 |a 9789942645463  |q eBook 
020 |z 9789942645456 
050 1 4 |a TD170 ebook 
100 1 |a Encalada Avila, Damián,  |e author. 
245 1 0 |a Manual de buenas prácticas ambientales en restaurantes /  |c Damián Encalada Avila [and 3 others]. 
264 1 |a Cuenca, Ecuador :  |b Universidad del Azuay, Casa Editora,  |c [2024] 
300 |a 1 online resource :  |b illustrations. 
336 |a text  |b txt  |2 rdacontent 
337 |a computer  |b c  |2 rdamedia 
338 |a online resource  |b cr  |2 rdacarrier 
347 |a text file  |2 rdaft 
347 |b PDF 
490 1 |a Natura 
504 |a Includes bibliographical references. 
588 0 |a Online resource; title from PDF title page (Digitalia, viewed November 4, 2025) 
650 0 |a Environmental impact analysis  |v Handbooks, manuals, etc. 
650 0 |a Environmental protection  |v Handbooks, manuals, etc. 
650 0 |a Sustainable development  |v Handbooks, manuals, etc. 
650 0 |a Restaurants, lunch rooms, etc.  |x Environmental aspects  |v Handbooks, manuals, etc. 
791 2 |a Digitalia (Firm),  |e distributor. 
793 0 |g Digitalia eBook Collection:  |a Universidad del Azuay 
776 0 8 |i Print version:  |a Encalada Avila, Damián.  |t Manual de buenas prácticas ambientales en restaurantes.  |d Cuenca, Ecuador : Universidad del Azuay, Casa Editora, [2024]  |z 9789942645456 
830 0 |a Natura (Universidad del Azuay, Casa Editora) 
856 4 0 |3 Digitalia Hispánica  |u https://www.digitaliapublishing.com/a/170468/ 
910 |a Premium collection: 2025